La Pologne pour les touristes... - Statistiques

Statistiques générales
  • Ce quiz a été pris 144 fois
    102 depuis la dernière actualisation
  • Le résultat moyen est 14 sur 20
Statistiques - réponses
Question Indice Réponses % Correct
Quelle est la langue officielle ? Polonais
99%
Quelles autres langues sont répandues ? R Russe
98%
Dans la capitale y-a-t-il un décalage horaire avec Paris ? (oui/non) Non
95%
Quelles sont les principales villes touristiques ? V Varsovie
95%
Quelles autres langues sont répandues ? A Allemand
93%
Quelles sont les principales villes touristiques ? C Cracovie
93%
La conduite se fait à droite ou à gauche ? Droite
93%
Quelles sont les principales villes touristiques ? G Gdansk
87%
Quelle est la monnaie ? Zloty
87%
Quelles autres langues sont répandues ? A Anglais
80%
La vitesse sur autoroute est limitée à {140} km/h
76%
Le suffixe internet est pl
72%
Quelles sont les principales villes touristiques ? W Wroclaw
71%
Quelles sont les principales villes touristiques ? P Poznan
65%
Le taux d'alcoolémie toléré au volant est de {0.5} g/l
55%
La religion majoritaire est C catholicisme
55%
Achats à faire 3/ Figurines en... Bois
24%
Achats à faire 1/ Résine Ambre
23%
Quels parc national peut-on visiter ? B Bialowieza
17%
Achats à faire 2/ Réalisée avec de l'argile Poterie
12%
Aucun quiz correspondant
Distribution des résultats
% des personnes avec chaque résultat
Percentile par nombre de réponses
Votre historique - résultats
Vous n’avez pas pris ce quiz depuis la dernière actualisation